المؤتمر العلمي السنوي السادس والعشرون للاقتصاديين المصريين : التطورات الحديثة لمفهوم اقتصاديات السوق في الفترة من 15 - 16 نوفمبر / التوجه صوب اقتصاد السوق في ظل اتفاقية الجاتس دراسة تطبيقية على سوق التعليم العالي في مصر.

شهد مفهوم التنمية تطورا عميقا منذ بدء تداول هذا المفهوم واتساع نطاقه خلال السنوات التالية للحرب العالمية الثانية، وبروز احتياجات ومتطلبات فكاك الدول المستقلة من براثن التخلف والاستعمار....

全面介绍

Saved in:
书目详细资料
企业作者: المؤتمر العلمي السنوي السادس والعشرون للاقتصاديين المصريين : (القاهرة, الجمعية المصرية للاقتصاد السياسي والإحصاء والتشريع
其他作者: محمود، ياسر محمد جادالله
格式: 会议录 图书
语言:阿拉伯语
英语
出版: القاهرة : الجمعية المصرية للاقتصاد السياسي والإحصاء والتشريع، 2007.
主题:
标签: 添加标签
没有标签, 成为第一个标记此记录!

MARC

LEADER 00000nam a2200000 4500
003 INP
005 20181029125237.0
008 180207s2007 ua ||||fr|||| 10| 0 ara d
952 |0 0  |1 0  |4 0  |6 338_909620000000000_م_ؤ  |7 0  |8 arabic_Boo  |9 18218  |a INP  |b INP  |c JOUR  |d 2018-10-29  |l 0  |o 338.90962 م ؤ  |p 018917  |r 2022-03-28 00:00:00  |w 2018-10-29  |y CON  |0 0 
999 |c 15757  |d 15757 
040 |a EG-INP  |b ara  |c EG-INP 
041 |a ara  |a eng 
043 |a f-ua--- 
082 0 4 |a 338.90962  |b م ؤ  |2 21 
111 2 |a المؤتمر العلمي السنوي السادس والعشرون للاقتصاديين المصريين :   |c (القاهرة :  |d 2007). 
245 1 2 |a المؤتمر العلمي السنوي السادس والعشرون للاقتصاديين المصريين :   |b التطورات الحديثة لمفهوم اقتصاديات السوق في الفترة من 15 - 16 نوفمبر /   |c الجمعية المصرية للاقتصاد السياسي والإحصاء والتشريع، ياسر محمد جاد الله محمود.  |n التوجه صوب اقتصاد السوق في ظل اتفاقية الجاتس دراسة تطبيقية على سوق التعليم العالي في مصر. 
260 |a القاهرة :   |b الجمعية المصرية للاقتصاد السياسي والإحصاء والتشريع،   |c 2007. 
300 |a 37 ص. ؛   |c 30 سم. 
504 |a يشتمل على إرجاعات ببليوجرافية. 
520 |a شهد مفهوم التنمية تطورا عميقا منذ بدء تداول هذا المفهوم واتساع نطاقه خلال السنوات التالية للحرب العالمية الثانية، وبروز احتياجات ومتطلبات فكاك الدول المستقلة من براثن التخلف والاستعمار. 
650 7 |a الاقتصاد  |2 qrmak 
650 7 |a التنمية الاقتصادية  |2 qrmak 
650 7 |a مصر  |x أحوال اقتصادية  |2 qrmak 
650 7 |a التعليم  |x جوانب اقتصادية  |2 qrmak 
700 1 |a محمود، ياسر محمد جادالله. 
710 2 |a الجمعية المصرية للاقتصاد السياسي والإحصاء والتشريع. 
901 |a EGPV31 
903 |a original 
942 |2 ddc  |c CON